Visualizzazione normale
Vista MARC
- Céspedes, Gregorio de,
di Personal Name
Records bibliografici associati: 1
001 - CONTROL NUMBER
- control field: 15332
003 - CONTROL NUMBER IDENTIFIER
- control field: IT-RoINE
005 - DATE AND TIME OF LATEST TRANSACTION
- control field: 20141205122938.0
008 - FIXED-LENGTH DATA ELEMENTS
- fixed length control field: 141205|| aca||aabn | a|a d
040 ## - CATALOGING SOURCE
- Original cataloging agency: IT-RoINE
- Transcribing agency: IT-RoINE
100 ## - HEADING--PERSONAL NAME
- Personal name: Céspedes, Gregorio de,
- Dates associated with a name: 1551-1611
670 ## - SOURCE DATA FOUND
- Source citation: Work cat.: (IT-RoINE)0: Park, Chul 15331, Testimonios literarios de la labor cultural de las misiones españolas en el Extremo Oriente /, D.L. 1986.